00618nam a2200193Ia 4500008004100000020001500041082001400056100002100070245002500091250000800116260004600124300002600170500001900196600002100215650005000236942000700286952011600293999001500409240925s9999 xx 000 0 und d a817808497X a005.1 SOM aSommerville, Ian 0aSoftware Engineering a6th aNew Delhi:bPearson Printice Hallc,2001. ax,662p.bNAfOriginal aIncludes Index aComputer Science aComputer science, information & general works cBK 001040708SEaUITUbUITUd2003-01-08eF.B.Cg700.00l0o005.1 SOMpQ5117r2024-09-25 07:13:44w2024-09-25yBK c7616d7616